000 01119nam a2200337 c 4500
003 BLK
005 20250509084332.0
008 180409b bul|||||r ||||||| ||bul||
010 _aKNG00139024000
020 _a978-954-491-774-6
_bиздат.: Жанет 45
040 _aBLK
041 _aBUL
_cBUL
072 7 _2bullib
_aН84
_xБългарска художествена литература Н
080 _aБългарска литература
_b821.163.2
_x-31
_z821.163.2-31
100 1 _aАнтонова, Катя
_d1982
_qЕкатерина Николова Борисова
_9370307
139 _aАнтонова, Катя
_bА 75
245 1 0 _aПризракът
_cКатя Антонова.
257 _aBGR
260 Пловдив
_bЖанет 45
_c2012
300 _a157 с.
_c20 см
380 _aX
500 _aОфс. изд.
653 _aромани
659 _aН
852 _aЦб 258147
856 4 _qpdf
_u
856 4 _qpdf
_u
942 _cKNG
_n0
_04
944 _aCR
_c06.02.2013
_lРусанова Ирена
_k30542
944 _aED
_c17.10.2013
_lф /
_k
999 _c133134
_d133134